Statistics for Top Companies by Country

Click here to take the quiz!

General Stats

  • This quiz has been taken 61 times
  • The average score is 8 of 32

Answer Stats

CountryCompany% Correct
United StatesWalmart
84%
South KoreaSamsung Electronics
81%
JapanToyota Motor
79%
GermanyVolkswagen
74%
United KingdomBP
60%
NetherlandsRoyal Dutch Shell
60%
SwedenVolvo
60%
FinlandNokia
54%
RussiaGazprom
40%
SpainBanco Santander
35%
Saudi ArabiaSaudi Aramco
35%
FranceTotal
25%
BrazilPetrobras
14%
MalaysiaPetronas
14%
ChinaSinopec Group
12%
AustraliaWoolworths Group
12%
TaiwanHon Hai Precision Industry
11%
BelgiumAB InBev
9%
LuxembourgArcelorMittal
7%
DenmarkMaersk Group
7%
MexicoPemex
7%
NorwayEquinor
5%
IndiaReliance Industries
5%
SwitzerlandGlencore
4%
AustriaOMV Group
2%
PolandPKN ORLEN Group
2%
ThailandPTT
2%
IrelandAccenture
0%
ItalyAssicurazioni Generali
0%
CanadaBrookfield Asset Management
0%
TurkeyKoç Holding
0%
SingaporeTrafigura Group
0%

Score Distribution

Percentile by Number Answered

Percent of People with Each Score

Your Score History

You have not taken this quiz